00386nam a2200121Ia 4500003000400000005001700004008004100021040001800062041000800080100005100088245009300139260003200232OSt20260202112117.0211028s2019 xx 000 0 und d cAIMIT LIBRARY aeng aRodrigues, Alida Anica;Kudtarkar Ravig1716017 aEvaluation & selection of suitable advertising tool by automotive dealers in Mangalore / aMangalorebVasantha Gc2019